Statistics for Capital Cities that Start with D

Click here to take the quiz!

General Stats

  • This quiz has been taken 189 times
  • The average score is 7 of 9

Answer Stats

Capital Cities% Correct
Dakar
83%
Dhaka
82%
Dili
79%
Djibouti
79%
Dublin
79%
Damascus
78%
Dodoma
73%
Doha
73%
Dushanbe
71%

Score Distribution

Percentile by Number Answered

Percent of People with Each Score

Your Score History

You have not taken this quiz